000 01060cam a2200313 a 4500
001 1679
005 20250729153225.0
020 _a9780439635820
040 _aDLC
_cDLC
_dDLC
_beng
050 0 0 _aHV2476.H65
082 0 0 _a419
_aE
_220
100 1 _aHolub, Joan
245 1 0 _aMy first book of sign language /
_cillustrated by Joan Holub.
250 _aFirst Scholastic printing , February 2004
260 _bScholastic,
_c1996
_aNew York :
300 _a32 unnumbered pages :
_bcolor illustrations ;
_c21 cm
505 _aH
520 _aPictures of children demonstrate the forming in sign language of alphabetically arranged words, accompanied by illustrations of the words themselves.
521 _a430
_bLexile
521 _aH
_bRaz-Plus
650 0 _aSign language
_xJuvenile literature
650 1 _aFinger spelling
650 1 _aSign language.
_vJuvenile literature
650 1 _aAlphabet.
650 1 _aDeaf.
650 1 _aPeople with disabilities.
906 _a7
_bcbc
_corignew
_d2
_encip
_f19
_gy-gencatlg
942 _2ddc
_cBK
_n0
999 _c1679
_d1679